Major Tectonic Plates - Statistics

General Stats
  • This quiz has been taken 39 times
  • The average score is 8 of 15
Answer Stats
Answer % Correct
African Plate
95%
Indo-Australian Plate
89%
North American Plate
87%
Pacific Plate
84%
South American Plate
84%
Eurasian Plate
82%
Antarctic Plate
68%
Nazca Plate
55%
Arabian Plate
47%
Cocos Plate
37%
Philippine Plate
34%
Carribean Plate
32%
Scotia Plate
29%
Somali Plate
21%
Caroline Plate
0%
No matching quizzes found
Score Distribution
Percent of People with Each Score
Percentile by Number Answered
Your Score History
You have not taken this quiz